Figure out the 80's lyrics Quiz Stats

 Plays Quiz not verified by Sporcle

Score 0/170 Timer 10:00
0 Plays Today
% Correct
I
96.2%
I
96.2%
I
96.2%
I
96.2%
I
96.2%
I
96.2%
I
96.2%
I
96.2%
the
92.4%
the
92.4%
the
92.4%
the
92.4%
the
92.4%
the
92.4%
the
92.4%
the
92.4%
the
92.4%
the
92.4%
the
92.4%
and
81.1%
and
81.1%
and
81.1%
and
81.1%
and
81.1%
and
81.1%
and
81.1%
and
81.1%
to
80.9%
to
80.9%
to
80.9%
in
76.6%
in
76.6%
be
76.6%
be
76.6%
it's
73.2%
It's
73.2%
It's
73.2%
it
73%
It
73%
it
73%
it
73%
of
63.7%
of
63.7%
my
60.1%
my
60.1%
my
60.1%
can't
58.6%
can't
58.6%
that
56.3%
there's
54.4%
there's
54.4%
will
51.3%
will
51.3%
too
49%
too
49%
get
45.7%
get
45.7%
% Correct
know
44.9%
know
44.9%
time
44.1%
from
41.7%
at
41.2%
At
41.2%
at
41.2%
Day
39.6%
day
39.6%
Day
39.6%
day
39.6%
day
39.6%
Day
39.6%
day
39.6%
just
38.5%
just
38.5%
after
38%
after
38%
after
38%
after
38%
after
38%
after
38%
night
37.1%
night
37.1%
night
37.1%
night
37.1%
night
37.1%
night
37.1%
night
37.1%
night
37.1%
night
37.1%
think
33.2%
think
33.2%
Come
31.1%
over
29.4%
over
29.4%
deep
28.3%
deep
28.3%
about
25.2%
about
25.2%
sleep
24.5%
sleep
24.5%
only
22.8%
away
18.8%
away
18.8%
away
18.8%
away
18.8%
away
18.8%
back
18%
another
16.2%
walk
14.6%
though
14.2%
alright
11%
alright
11%
fear
10%
fear
10%
fear
10%
% Correct
little
9.9%
fade
9.6%
fade
9.6%
fade
9.6%
fade
9.6%
fade
9.6%
implications
9.1%
implications
9.1%
diving
8.9%
diving
8.9%
shows
8.8%
shows
8.8%
shows
8.8%
least
8.8%
Alone
8.6%
overkill
8.6%
overkill
8.6%
worry
8.1%
worry
8.1%
Ghosts
8.1%
Ghosts
8.1%
Ghosts
8.1%
Ghosts
8.1%
Ghosts
8.1%
heartbeat
8%
heartbeat
8%
heartbeat
8%
appear
7.7%
appear
7.7%
appear
7.7%
appear
7.7%
appear
7.7%
complications
7.6%
complications
7.6%
especially
7.5%
Especially
7.5%
reappears
7.5%
reappears
7.5%
reappears
7.5%
situations
7.2%
situations
7.2%
streets
7%
lights
6.7%
between
6.6%
possibly
6.5%
possibly
6.5%
Smell
5.5%
imagination
5.4%
sheets
5.4%
pretty
5.1%
Perhaps
4.6%
brings
4.6%
desperation
4.6%
nullifies
4.1%
variation
3.9%
exasperation
3.8%

You're not logged in!

Compare scores with friends on all Sporcle quizzes.
OR
Log In

You Might Also Like...

Show Comments

Extras

Curator's Pick Sep 12, 2015SourceReportNominate
Tags:Figure Out the Lyrics Quiz

Top Quizzes Today


Score Distribution

Your Account Isn't Verified!

In order to create a playlist on Sporcle, you need to verify the email address you used during registration. Go to your Sporcle Settings to finish the process.

Report this User

Report this user for behavior that violates our Community Guidelines.

Details: